[Event "English Womens Championship"]
[Site "Park Inn by Radisson, West Bromwich"]
[Date "2016.07.15"]
[Round "1.1"]
[White "Lauterbach, Ingrid"]
[Black "Bhatia, Kanwal K"]
[Result "1/2-1/2"]
[BlackElo "2099"]
[WhiteElo "2107"]
[LiveChessVersion "1.4.8"]

1. c4 {[%clk 1:30:54]} e5 {[%clk 1:30:35]} 2. Nc3 {[%clk 1:31:15]} Nf6
{[%clk 1:29:56]} 3. g3 {[%clk 1:31:24]} d5 {[%clk 1:29:54]} 4. cxd5
{[%clk 1:31:16]} Nxd5 {[%clk 1:30:18]} 5. Bg2 {[%clk 1:31:28]} Nb6
{[%clk 1:30:31]} 6. Nf3 {[%clk 1:29:44]} Nc6 {[%clk 1:30:50]} 7. O-O
{[%clk 1:27:09]} Be7 {[%clk 1:31:02]} 8. d3 {[%clk 1:25:58]} O-O {[%clk 1:27:57]}
9. b3 {[%clk 1:24:43]} Be6 {[%clk 1:24:12]} 10. Bb2 {[%clk 1:23:14]} f6
{[%clk 1:21:34]} 11. Nb5 {[%clk 1:07:16]} Qd7 {[%clk 1:19:08]} 12. Qc1
{[%clk 1:02:37]} a6 {[%clk 1:09:08]} 13. Na3 {[%clk 1:02:08]} Rfd8
{[%clk 1:05:02]} 14. Rd1 {[%clk 0:58:21]} Nd5 {[%clk 0:54:28]} 15. e4
{[%clk 0:47:59]} Ndb4 {[%clk 0:54:14]} 16. d4 {[%clk 0:47:20]} Bg4
{[%clk 0:34:40]} 17. d5 {[%clk 0:46:51]} Na7 {[%clk 0:34:10]} 18. Nc4
{[%clk 0:45:04]} a5 {[%clk 0:29:26]} 19. Nxa5 {[%clk 0:38:32]} Nb5
{[%clk 0:18:30]} 20. Nxb7 {[%clk 0:32:46]} Nxa2 {[%clk 0:17:49]} 21. Qc4
{[%clk 0:16:18]} Nd6 {[%clk 0:14:59]} 22. Nxd6 {[%clk 0:15:21]} Bxd6
{[%clk 0:15:18]} 23. Bc3 {[%clk 0:14:32]} Nxc3 {[%clk 0:14:49]} 24. Qxc3
{[%clk 0:13:44]} Qb5 {[%clk 0:13:19]} 25. h3 {[%clk 0:12:38]} Bd7
{[%clk 0:12:56]} 26. Rxa8 {[%clk 0:10:07]} Rxa8 {[%clk 0:13:20]} 27. Rc1
{[%clk 0:10:29]} Ra3 {[%clk 0:09:23]} 28. Rb1 {[%clk 0:10:04]} Qe2
{[%clk 0:06:49]} 29. Re1 {[%clk 0:08:46]} Qb5 {[%clk 0:05:40]} 30. Rb1
{[%clk 0:08:03]} Qe2 {[%clk 0:05:21]} 31. Re1 {[%clk 0:05:21]} Qb5
{[%clk 0:05:47]} 32. Rb1 {[%clk 0:04:43]} Qe2 {[%clk 0:03:53]} 1/2-1/2

[Event "English Womens Championship"]
[Site "Park Inn by Radisson, West Bromwich"]
[Date "2016.07.15"]
[Round "1.2"]
[White "Keen, Cosima C"]
[Black "Longson, Sarah N"]
[Result "0-1"]
[BlackElo "2117"]
[WhiteElo "1918"]
[LiveChessVersion "1.4.8"]

1. e4 {[%clk 1:08:37]} e5 {[%clk 1:30:56]} 2. Nf3 {[%clk 1:08:50]} Nc6
{[%clk 1:31:21]} 3. Bc4 {[%clk 1:09:14]} Nf6 {[%clk 1:31:45]} 4. d3
{[%clk 1:09:25]} Bc5 {[%clk 1:31:15]} 5. c3 {[%clk 1:09:49]} d6 {[%clk 1:31:05]}
6. Bb3 {[%clk 1:08:40]} O-O {[%clk 1:30:50]} 7. Bg5 {[%clk 1:07:34]} h6
{[%clk 1:30:46]} 8. Bh4 {[%clk 1:08:03]} Be6 {[%clk 1:25:54]} 9. Bc2
{[%clk 1:08:25]} Bb6 {[%clk 1:25:42]} 10. Nbd2 {[%clk 1:06:13]} Nb8
{[%clk 1:22:45]} 11. h3 {[%clk 0:41:48]} c5 {[%clk 1:22:13]} 12. Nf1
{[%clk 0:37:44]} Nbd7 {[%clk 1:18:05]} 13. g4 {[%clk 0:35:36]} d5
{[%clk 1:08:47]} 14. g5 {[%clk 0:31:23]} hxg5 {[%clk 1:09:10]} 15. Nxg5
{[%clk 0:29:35]} d4 {[%clk 0:59:47]} 16. Ng3 {[%clk 0:21:55]} dxc3
{[%clk 0:54:44]} 17. b3 {[%clk 0:21:27]} Qc8 {[%clk 0:43:36]} 18. Rg1
{[%clk 0:17:59]} Bd8 {[%clk 0:39:01]} 19. Ne2 {[%clk 0:07:20]} Ne8
{[%clk 0:30:31]} 20. f4 {[%clk 0:05:18]} Bxg5 {[%clk 0:30:27]} 21. Bxg5
{[%clk 0:05:10]} f6 {[%clk 0:29:44]} 22. Bh4 {[%clk 0:03:38]} exf4
{[%clk 0:25:32]} 23. Nxf4 {[%clk 0:03:31]} Ne5 {[%clk 0:25:47]} 24. b4
{[%clk 0:02:25]} Bf7 {[%clk 0:22:38]} 25. bxc5 {[%clk 0:02:43]} Qxc5
{[%clk 0:22:49]} 26. Bf2 {[%clk 0:03:12]} Qc7 {[%clk 0:19:26]} 27. d4
{[%clk 0:03:25]} Rd8 {[%clk 0:18:57]} 28. Qe2 {[%clk 0:01:45]} Nc6
{[%clk 0:16:56]} 29. Ng6 {[%clk 0:01:40]} Bxg6 {[%clk 0:10:13]} 30. Rxg6
{[%clk 0:02:08]} Na5 {[%clk 0:10:35]} 31. Bg3 {[%clk 0:00:54]} Qf7
{[%clk 0:08:58]} 32. e5 {[%clk 0:00:50]} f5 {[%clk 0:07:26]} 33. Rg5
{[%clk 0:00:47]} Qd5 {[%clk 0:06:40]} 34. Bf2 {[%clk 0:00:47]} Qh1+
{[%clk 0:06:40]} 35. Rg1 {[%clk 0:01:16]} Qxh3 {[%clk 0:06:48]} 36. e6
{[%clk 0:00:58]} Rf6 {[%clk 0:06:44]} 37. O-O-O {[%clk 0:00:45]} Qh6+
{[%clk 0:06:47]} 38. Be3 {[%clk 0:01:14]} Rxe6 {[%clk 0:06:28]} 39. Rd3
{[%clk 0:00:39]} f4 {[%clk 0:06:40]} 40. Qg4 {[%clk 0:00:38]} fxe3
{[%clk 0:06:25]} 41. Kb1 {[%clk 0:00:48]} e2 {[%clk 0:06:14]} 42. Rxc3
{[%clk 0:00:31]} e1=Q+ {[%clk 0:06:29]} 43. Rxe1 {[%clk 0:00:42]} Rxe1+
{[%clk 0:06:56]} 44. Bd1 {[%clk 0:01:04]} Qd2 {[%clk 0:06:41]} 45. Rc1
{[%clk 0:01:01]} Nc4 {[%clk 0:06:20]} 0-1

[Event "English Womens Championship"]
[Site "Park Inn by Radisson, West Bromwich"]
[Date "2016.07.15"]
[Round "1.3"]
[White "Grigoryan, Meri"]
[Black "Sarakauskiene, Zivile"]
[Result "1-0"]
[BlackElo "2132"]
[WhiteElo "1996"]
[LiveChessVersion "1.4.8"]

1. d4 {[%clk 1:30:07]} Nf6 {[%clk 1:26:09]} 2. Nf3 {[%clk 1:30:31]} e6
{[%clk 1:26:28]} 3. e3 {[%clk 1:30:49]} d5 {[%clk 1:17:38]} 4. Bd3
{[%clk 1:30:51]} c5 {[%clk 1:17:15]} 5. b3 {[%clk 1:30:58]} Nc6 {[%clk 1:11:10]}
6. O-O {[%clk 1:30:43]} Bd6 {[%clk 1:05:35]} 7. Bb2 {[%clk 1:30:08]} O-O
{[%clk 1:02:33]} 8. Nbd2 {[%clk 1:30:17]} Nb4 {[%clk 0:49:32]} 9. Be2
{[%clk 1:30:35]} Re8 {[%clk 0:47:52]} 10. a3 {[%clk 1:27:53]} Nc6
{[%clk 0:46:24]} 11. c4 {[%clk 1:24:35]} b6 {[%clk 0:38:35]} 12. Rc1
{[%clk 1:21:13]} Bb7 {[%clk 0:37:35]} 13. cxd5 {[%clk 1:16:03]} exd5
{[%clk 0:37:32]} 14. Re1 {[%clk 1:09:08]} Rc8 {[%clk 0:33:44]} 15. Bd3
{[%clk 1:04:03]} Ne4 {[%clk 0:28:38]} 16. Nf1 {[%clk 0:59:33]} Qe7
{[%clk 0:16:51]} 17. Ng3 {[%clk 0:56:02]} g6 {[%clk 0:16:53]} 18. Bf1
{[%clk 0:38:27]} Na5 {[%clk 0:14:54]} 19. dxc5 {[%clk 0:19:47]} bxc5
{[%clk 0:15:06]} 20. Nd2 {[%clk 0:16:54]} Nxg3 {[%clk 0:01:07]} 21. hxg3
{[%clk 0:16:38]} Be5 {[%clk 0:01:23]} 22. Bxe5 {[%clk 0:08:29]} Qxe5
{[%clk 0:01:52]} 23. b4 {[%clk 0:08:33]} cxb4 {[%clk 0:01:34]} 24. axb4
{[%clk 0:09:02]} Rxc1 {[%clk 0:00:35]} 25. Qxc1 {[%clk 0:09:25]} Nc6
{[%clk 0:01:00]} 26. b5 {[%clk 0:06:21]} Nd8 {[%clk 0:00:33]} 27. Nf3
{[%clk 0:06:28]} Qd6 {[%clk 0:00:52]} 28. Qa1 {[%clk 0:05:21]} Qb6
{[%clk 0:00:45]} 29. Rc1 {[%clk 0:03:55]} Re6 {[%clk 0:00:34]} 30. Ne5
{[%clk 0:03:44]} a5 {[%clk 0:00:32]} 31. Nd7 {[%clk 0:02:42]} Qa7
{[%clk 0:00:37]} 32. Nf6+ {[%clk 0:02:21]} Kf8 {[%clk 0:00:32]} 33. Qa3+
{[%clk 0:01:53]} Kg7 {[%clk 0:00:49]} 34. Nd7 {[%clk 0:02:04]} Re8
{[%clk 0:00:38]} 35. Qb2+ {[%clk 0:01:51]} Kh6 {[%clk 0:00:36]} 36. Nf6
{[%clk 0:01:45]} Re6 {[%clk 0:00:36]} 37. Ng8+ {[%clk 0:01:49]} Kg5
{[%clk 0:00:36]} 38. f4+ {[%clk 0:01:49]} Kg4 {[%clk 0:00:34]} 39. Qe2+
{[%clk 0:01:37]} Kxg3 {[%clk 0:00:34]} 40. Qf3+ {[%clk 0:02:00]} 1-0

[Event "English Womens Championship"]
[Site "Park Inn by Radisson, West Bromwich"]
[Date "2016.07.16"]
[Round "2.1"]
[White "Bhatia, Kanwal K"]
[Black "Sarakauskiene, Zivile"]
[Result "1-0"]
[BlackElo "2132"]
[WhiteElo "2099"]
[LiveChessVersion "1.4.8"]

1. e4 {[%clk 1:30:57]} c5 {[%clk 1:27:36]} 2. c3 {[%clk 1:31:21]} Nf6
{[%clk 1:27:53]} 3. e5 {[%clk 1:31:45]} Nd5 {[%clk 1:28:16]} 4. d4
{[%clk 1:32:08]} cxd4 {[%clk 1:28:35]} 5. Nf3 {[%clk 1:32:32]} e6
{[%clk 1:28:38]} 6. cxd4 {[%clk 1:32:56]} b6 {[%clk 1:28:38]} 7. Bd3
{[%clk 1:32:28]} Ba6 {[%clk 1:28:44]} 8. O-O {[%clk 1:32:33]} Bxd3
{[%clk 1:29:01]} 9. Qxd3 {[%clk 1:32:58]} Nc6 {[%clk 1:29:01]} 10. Nc3
{[%clk 1:31:13]} Nxc3 {[%clk 1:27:43]} 11. bxc3 {[%clk 1:31:38]} d5
{[%clk 1:27:16]} 12. Ne1 {[%clk 1:23:32]} Na5 {[%clk 1:16:08]} 13. f4
{[%clk 1:19:32]} g6 {[%clk 1:14:46]} 14. Nf3 {[%clk 1:09:28]} Qc7
{[%clk 1:05:25]} 15. Bd2 {[%clk 1:02:17]} Qc4 {[%clk 0:49:43]} 16. Qe3
{[%clk 1:01:10]} Ba3 {[%clk 0:46:31]} 17. f5 {[%clk 0:37:27]} gxf5
{[%clk 0:22:26]} 18. Qg5 {[%clk 0:37:43]} Bf8 {[%clk 0:11:54]} 19. Qf6
{[%clk 0:22:47]} Rg8 {[%clk 0:12:23]} 20. Ng5 {[%clk 0:22:42]} Rg7
{[%clk 0:11:08]} 21. Rf2 {[%clk 0:17:30]} Qc8 {[%clk 0:07:09]} 22. Raf1
{[%clk 0:10:20]} Nc4 {[%clk 0:05:52]} 23. Bc1 {[%clk 0:10:07]} Qd8
{[%clk 0:04:25]} 24. Nxe6 {[%clk 0:08:40]} fxe6 {[%clk 0:01:59]} 25. Qxe6+
{[%clk 0:09:05]} Re7 {[%clk 0:01:36]} 26. Qxf5 {[%clk 0:07:39]} Bg7
{[%clk 0:00:35]} 27. e6 {[%clk 0:06:27]} Rc7 {[%clk 0:00:37]} 28. Qh5+
{[%clk 0:06:32]} Ke7 {[%clk 0:00:49]} 29. Bg5+ {[%clk 0:06:35]} 1-0

[Event "English Womens Championship"]
[Site "Park Inn by Radisson, West Bromwich"]
[Date "2016.07.16"]
[Round "2.2"]
[White "Longson, Sarah N"]
[Black "Grigoryan, Meri"]
[Result "1-0"]
[BlackElo "1996"]
[WhiteElo "2117"]
[LiveChessVersion "1.4.8"]

1. e4 {[%clk 1:30:59]} e5 {[%clk 1:30:53]} 2. Nf3 {[%clk 1:31:24]} Nf6
{[%clk 1:31:17]} 3. Nxe5 {[%clk 1:31:24]} d6 {[%clk 1:31:43]} 4. Nf3
{[%clk 1:31:39]} Nxe4 {[%clk 1:32:08]} 5. Nc3 {[%clk 1:31:04]} Nxc3
{[%clk 1:31:50]} 6. dxc3 {[%clk 1:31:19]} Be7 {[%clk 1:31:15]} 7. Bd3
{[%clk 1:28:23]} Bg4 {[%clk 1:28:29]} 8. Qe2 {[%clk 1:24:49]} Nc6
{[%clk 1:26:04]} 9. Bf4 {[%clk 1:17:47]} Qd7 {[%clk 1:25:12]} 10. O-O-O
{[%clk 1:17:13]} O-O-O {[%clk 1:19:06]} 11. h3 {[%clk 1:14:26]} Be6
{[%clk 0:56:05]} 12. Bb5 {[%clk 1:13:42]} Bf6 {[%clk 0:54:42]} 13. Nd4
{[%clk 1:07:50]} Bd5 {[%clk 0:44:52]} 14. f3 {[%clk 0:58:24]} Kb8
{[%clk 0:41:38]} 15. Qd3 {[%clk 0:40:51]} Bxd4 {[%clk 0:30:26]} 16. cxd4
{[%clk 0:40:24]} Nb4 {[%clk 0:28:31]} 17. Bxd7 {[%clk 0:40:20]} Nxd3+
{[%clk 0:28:57]} 18. Rxd3 {[%clk 0:40:44]} Rxd7 {[%clk 0:29:26]} 19. b3
{[%clk 0:40:53]} f6 {[%clk 0:29:22]} 20. c4 {[%clk 0:40:57]} Bf7 {[%clk 0:29:44]}
21. Re3 {[%clk 0:40:22]} Re8 {[%clk 0:29:32]} 22. Rxe8+ {[%clk 0:40:09]} Bxe8
{[%clk 0:30:01]} 23. Re1 {[%clk 0:40:32]} Bg6 {[%clk 0:30:18]} 24. Kd2
{[%clk 0:40:24]} Kc8 {[%clk 0:30:11]} 25. b4 {[%clk 0:39:51]} Kd8
{[%clk 0:28:58]} 26. g4 {[%clk 0:39:23]} Bf7 {[%clk 0:27:03]} 27. Rc1
{[%clk 0:38:22]} Re7 {[%clk 0:23:34]} 28. Rc3 {[%clk 0:33:25]} Kd7
{[%clk 0:23:25]} 29. a4 {[%clk 0:31:34]} c6 {[%clk 0:20:32]} 30. b5
{[%clk 0:28:24]} Re8 {[%clk 0:15:41]} 31. bxc6+ {[%clk 0:18:37]} Kxc6
{[%clk 0:13:48]} 32. d5+ {[%clk 0:18:33]} Kd7 {[%clk 0:10:07]} 33. Rb3
{[%clk 0:18:48]} b6 {[%clk 0:06:38]} 34. a5 {[%clk 0:12:08]} Rc8 {[%clk 0:02:09]}
35. axb6 {[%clk 0:10:59]} axb6 {[%clk 0:02:36]} 36. Kd3 {[%clk 0:09:46]} Rb8
{[%clk 0:01:59]} 37. Rb5 {[%clk 0:10:11]} Rb7 {[%clk 0:01:43]} 38. Be3
{[%clk 0:09:23]} Kc7 {[%clk 0:02:05]} 39. f4 {[%clk 0:09:42]} Be8
{[%clk 0:01:21]} 40. Rb2 {[%clk 0:09:46]} b5 {[%clk 0:01:01]} 41. c5
{[%clk 0:10:07]} dxc5 {[%clk 0:00:50]} 42. Bxc5 {[%clk 0:10:31]} Bf7
{[%clk 0:00:38]} 43. Kd4 {[%clk 0:10:45]} h5 {[%clk 0:00:33]} 44. Re2
{[%clk 0:10:08]} Kd8 {[%clk 0:00:47]} 45. Bb4 {[%clk 0:10:06]} hxg4
{[%clk 0:00:50]} 46. hxg4 {[%clk 0:10:31]} Rd7 {[%clk 0:00:46]} 47. d6
{[%clk 0:10:47]} Bc4 {[%clk 0:00:59]} 48. Rh2 {[%clk 0:11:11]} Ke8
{[%clk 0:00:41]} 49. Kc5 {[%clk 0:11:05]} Ra7 {[%clk 0:00:31]} 50. Kb6
{[%clk 0:09:41]} Rf7 {[%clk 0:00:52]} 51. f5 {[%clk 0:09:51]} Kd7
{[%clk 0:00:34]} 52. Kc5 {[%clk 0:09:52]} g6 {[%clk 0:00:37]} 53. fxg6
{[%clk 0:10:08]} Rg7 {[%clk 0:01:06]} 54. Rh7 {[%clk 0:10:14]} 1-0

[Event "English Womens Championship"]
[Site "Park Inn by Radisson, West Bromwich"]
[Date "2016.07.16"]
[Round "2.3"]
[White "Lauterbach, Ingrid"]
[Black "Keen, Cosima C"]
[Result "1/2-1/2"]
[BlackElo "1918"]
[WhiteElo "2107"]
[LiveChessVersion "1.4.8"]

1. e4 {[%clk 1:30:58]} c6 {[%clk 1:30:56]} 2. f4 {[%clk 1:31:23]} d5
{[%clk 1:31:02]} 3. e5 {[%clk 1:31:45]} e6 {[%clk 1:29:41]} 4. Nf3
{[%clk 1:30:45]} h5 {[%clk 1:25:18]} 5. d4 {[%clk 1:28:51]} Nh6 {[%clk 1:24:44]}
6. Bd3 {[%clk 1:28:15]} g6 {[%clk 1:24:04]} 7. c3 {[%clk 1:23:01]} Nd7
{[%clk 1:22:51]} 8. a4 {[%clk 1:17:57]} a5 {[%clk 1:20:20]} 9. Na3
{[%clk 1:15:12]} Nf5 {[%clk 1:10:34]} 10. O-O {[%clk 1:04:10]} Bg7
{[%clk 1:00:55]} 11. Qe2 {[%clk 0:57:50]} O-O {[%clk 0:59:41]} 12. Ng5
{[%clk 0:54:32]} b6 {[%clk 0:57:20]} 13. b3 {[%clk 0:52:36]} Re8 {[%clk 0:50:03]}
14. g4 {[%clk 0:46:04]} hxg4 {[%clk 0:48:19]} 15. Qxg4 {[%clk 0:46:29]} Nf8
{[%clk 0:39:58]} 16. Ra2 {[%clk 0:43:56]} f6 {[%clk 0:35:02]} 17. Nf3
{[%clk 0:43:47]} Kf7 {[%clk 0:27:55]} 18. exf6 {[%clk 0:43:25]} Bxf6
{[%clk 0:27:41]} 19. Ne5+ {[%clk 0:43:04]} Bxe5 {[%clk 0:27:58]} 20. fxe5
{[%clk 0:43:08]} Ba6 {[%clk 0:22:35]} 21. c4 {[%clk 0:35:20]} Qc7
{[%clk 0:17:52]} 22. Rg2 {[%clk 0:33:09]} Ke7 {[%clk 0:18:01]} 23. Bxf5
{[%clk 0:28:35]} exf5 {[%clk 0:18:12]} 24. Qh4+ {[%clk 0:28:28]} Kd7
{[%clk 0:18:19]} 25. Bh6 Re6 {[%clk 0:16:27]} 26. Rc1 {[%clk 0:26:54]} dxc4
{[%clk 0:16:20]} 27. Nxc4 {[%clk 0:24:55]} Bxc4 {[%clk 0:15:51]} 28. bxc4
{[%clk 0:22:20]} c5 {[%clk 0:15:11]} 29. d5 {[%clk 0:16:34]} Rxe5
{[%clk 0:15:11]} 30. Bxf8 {[%clk 0:14:45]} Rxf8 {[%clk 0:14:03]} 31. Rxg6
{[%clk 0:14:54]} Rf7 {[%clk 0:13:56]} 32. Qh6 {[%clk 0:11:27]} Re2
{[%clk 0:07:23]} 33. Rxb6 {[%clk 0:09:58]} Ree7 {[%clk 0:05:23]} 34. Qc6+
{[%clk 0:06:32]} Qxc6 {[%clk 0:05:51]} 35. Rxc6 {[%clk 0:06:56]} Re2
{[%clk 0:03:58]} 36. Rb1 {[%clk 0:06:28]} Rg7+ {[%clk 0:03:00]} 37. Kf1
{[%clk 0:06:45]} Rgg2 {[%clk 0:02:20]} 38. Rb7+ {[%clk 0:06:21]} Kd8
{[%clk 0:02:26]} 39. Rb8+ {[%clk 0:02:37]} Kd7 {[%clk 0:02:35]} 40. Rb7+
{[%clk 0:03:01]} Kd8 {[%clk 0:03:02]} 41. Rg6 {[%clk 0:02:01]} Rxg6
{[%clk 0:02:44]} 42. Kxe2 {[%clk 0:02:24]} Rg2+ {[%clk 0:02:29]} 43. Kf3
{[%clk 0:02:07]} Rxh2 {[%clk 0:02:48]} 44. Rb5 {[%clk 0:02:20]} Rh3+
{[%clk 0:02:07]} 45. Kg2 {[%clk 0:02:40]} Rh4 {[%clk 0:01:00]} 46. Rxc5
{[%clk 0:03:02]} Kd7 {[%clk 0:01:20]} 47. Kg3 {[%clk 0:03:23]} Rd4
{[%clk 0:01:38]} 48. Kf3 {[%clk 0:03:48]} Re4 {[%clk 0:01:20]} 49. Rc6
{[%clk 0:03:58]} Kd8 {[%clk 0:01:11]} 50. c5 {[%clk 0:02:38]} Rxa4
{[%clk 0:01:23]} 51. Rf6 {[%clk 0:03:00]} Rc4 {[%clk 0:00:45]} 52. c6
{[%clk 0:03:24]} a4 {[%clk 0:00:57]} 53. Ke3 {[%clk 0:03:01]} a3 {[%clk 0:00:45]}
54. Rf8+ {[%clk 0:02:28]} Kc7 {[%clk 0:00:35]} 55. Ra8 {[%clk 0:02:48]} Kd6
{[%clk 0:00:41]} 56. Kd3 {[%clk 0:03:02]} Rc5 {[%clk 0:00:35]} 57. c7
{[%clk 0:01:59]} Rxd5+ {[%clk 0:00:49]} 58. Kc4 {[%clk 0:01:43]} Rc5+
{[%clk 0:01:13]} 59. Kd4 {[%clk 0:02:11]} Rxc7 {[%clk 0:01:26]} 60. Ra6+
{[%clk 0:02:34]} Kd7 {[%clk 0:01:15]} 61. Rxa3 {[%clk 0:02:55]} Rc6
{[%clk 0:01:01]} 62. Kd5 {[%clk 0:03:01]} Rd6+ {[%clk 0:01:21]} 63. Ke5
{[%clk 0:03:27]} Rb6 {[%clk 0:01:25]} 1/2-1/2

[Event "English Womens Championship"]
[Site "Park Inn by Radisson, West Bromwich"]
[Date "2016.07.16"]
[Round "3.1"]
[White "Keen, Cosima C"]
[Black "Bhatia, Kanwal K"]
[Result "0-1"]
[BlackElo "2099"]
[WhiteElo "1918"]
[LiveChessVersion "1.4.8"]

1. e4 {[%clk 1:30:57]} e5 {[%clk 1:30:56]} 2. Nf3 {[%clk 1:31:24]} Nc6
{[%clk 1:31:22]} 3. Bc4 {[%clk 1:31:49]} Bc5 {[%clk 1:31:45]} 4. c3
{[%clk 1:32:07]} Nf6 {[%clk 1:32:07]} 5. d3 {[%clk 1:32:30]} a6 {[%clk 1:32:20]}
6. Bb3 {[%clk 1:32:53]} Ba7 {[%clk 1:31:48]} 7. h3 {[%clk 1:33:05]} d6
{[%clk 1:30:39]} 8. Nbd2 {[%clk 1:33:15]} h6 {[%clk 1:28:48]} 9. Nf1
{[%clk 1:33:05]} Be6 {[%clk 1:28:51]} 10. Bc2 {[%clk 1:33:26]} d5
{[%clk 1:28:48]} 11. Qe2 {[%clk 1:33:04]} dxe4 {[%clk 1:28:27]} 12. dxe4
{[%clk 1:33:32]} b5 {[%clk 1:28:11]} 13. Ne3 {[%clk 1:33:02]} Qe7
{[%clk 1:10:46]} 14. O-O {[%clk 1:26:31]} Rd8 {[%clk 1:07:31]} 15. Bd2
{[%clk 1:21:26]} Nh5 {[%clk 1:00:29]} 16. Rfd1 {[%clk 1:11:40]} Nf4
{[%clk 0:59:52]} 17. Qe1 {[%clk 1:10:58]} Qf6 {[%clk 0:58:25]} 18. Ng4
{[%clk 1:03:58]} Nxh3+ {[%clk 0:57:52]} 19. gxh3 {[%clk 0:59:18]} Qxf3
{[%clk 0:58:12]} 20. Nh2 {[%clk 0:58:59]} Qxh3 {[%clk 0:57:51]} 0-1

[Event "English Womens Championship"]
[Site "Park Inn by Radisson, West Bromwich"]
[Date "2016.07.16"]
[Round "3.2"]
[White "Grigoryan, Meri"]
[Black "Lauterbach, Ingrid"]
[Result "0-1"]
[BlackElo "2107"]
[WhiteElo "1996"]
[LiveChessVersion "1.4.8"]

1. d4 {[%clk 1:30:59]} Nf6 {[%clk 1:30:53]} 2. Nf3 {[%clk 1:31:23]} g6
{[%clk 1:31:14]} 3. h3 {[%clk 1:30:27]} Bg7 {[%clk 1:31:13]} 4. Bf4
{[%clk 1:30:36]} d6 {[%clk 1:27:17]} 5. Nc3 {[%clk 1:29:56]} O-O {[%clk 1:25:53]}
6. e4 {[%clk 1:27:10]} c6 {[%clk 1:17:15]} 7. Qd2 {[%clk 1:26:41]} b5
{[%clk 1:09:32]} 8. a3 {[%clk 1:26:24]} Bb7 {[%clk 1:07:12]} 9. g4
{[%clk 1:22:29]} c5 {[%clk 0:51:35]} 10. d5 {[%clk 0:22:42]} b4 {[%clk 0:45:51]}
11. axb4 {[%clk 0:22:47]} cxb4 {[%clk 0:46:16]} 12. Nd1 {[%clk 0:15:08]} Nxe4
{[%clk 0:44:22]} 13. Qxb4 {[%clk 0:11:18]} Bxd5 {[%clk 0:43:29]} 14. Bc4
{[%clk 0:09:54]} Bc6 {[%clk 0:40:41]} 15. O-O {[%clk 0:05:52]} e5
{[%clk 0:26:39]} 16. Be3 {[%clk 0:06:05]} d5 {[%clk 0:25:03]} 17. Ba6
{[%clk 0:04:00]} d4 {[%clk 0:24:36]} 18. Bb7 {[%clk 0:03:19]} Qf6
{[%clk 0:22:42]} 19. Nh2 {[%clk 0:00:36]} a5 {[%clk 0:18:35]} 20. Qb6
{[%clk 0:01:02]} Bxb7 {[%clk 0:18:44]} 21. Qxb7 {[%clk 0:00:47]} Nc6
{[%clk 0:18:48]} 22. f3 {[%clk 0:00:34]} Ng3 {[%clk 0:16:21]} 23. Re1
{[%clk 0:00:34]} Rfb8 {[%clk 0:16:09]} 24. Qd7 {[%clk 0:00:34]} dxe3
{[%clk 0:15:19]} 25. Nxe3 {[%clk 0:00:34]} Nd4 {[%clk 0:14:27]} 26. Kg2
{[%clk 0:00:49]} Nge2 {[%clk 0:14:33]} 27. Nd5 {[%clk 0:00:31]} Nf4+
{[%clk 0:12:23]} 28. Nxf4 {[%clk 0:00:51]} exf4 {[%clk 0:12:16]} 29. Re4
{[%clk 0:00:35]} Ne6 {[%clk 0:12:12]} 30. Rd1 0-1

[Event "English Womens Championship"]
[Site "Park Inn by Radisson, West Bromwich"]
[Date "2016.07.16"]
[Round "3.3"]
[White "Sarakauskiene, Zivile"]
[Black "Longson, Sarah N"]
[Result "1/2-1/2"]
[BlackElo "2117"]
[WhiteElo "2132"]
[LiveChessVersion "1.4.8"]

1. e4 {[%clk 1:30:57]} e5 {[%clk 1:30:57]} 2. Nf3 {[%clk 1:31:22]} Nc6
{[%clk 1:31:24]} 3. Bc4 {[%clk 1:31:22]} Nf6 {[%clk 1:31:48]} 4. d3
{[%clk 1:31:19]} Be7 {[%clk 1:32:07]} 5. c3 {[%clk 1:30:10]} O-O {[%clk 1:32:17]}
6. O-O {[%clk 1:30:23]} d6 {[%clk 1:32:32]} 7. Bb3 {[%clk 1:25:30]} Na5
{[%clk 1:32:54]} 8. Bc2 {[%clk 1:25:19]} c5 {[%clk 1:33:19]} 9. h3
{[%clk 1:23:00]} Nc6 {[%clk 1:33:24]} 10. Nbd2 {[%clk 1:00:45]} d5
{[%clk 1:32:48]} 11. exd5 {[%clk 0:58:41]} Nxd5 {[%clk 1:24:40]} 12. Re1
{[%clk 0:55:55]} f6 {[%clk 1:22:50]} 13. Nf1 {[%clk 0:48:49]} Nc7
{[%clk 1:08:48]} 14. Ng3 {[%clk 0:47:29]} Be6 {[%clk 1:06:58]} 15. Qe2
{[%clk 0:45:33]} Qd7 {[%clk 1:02:57]} 16. Bd2 {[%clk 0:39:19]} Rad8
{[%clk 0:56:55]} 17. Rad1 {[%clk 0:36:43]} Rfe8 {[%clk 0:50:22]} 18. Bb1
{[%clk 0:28:40]} Bf8 {[%clk 0:47:18]} 19. Bc1 {[%clk 0:26:00]} Qf7
{[%clk 0:44:27]} 20. b3 {[%clk 0:23:31]} Nd5 {[%clk 0:42:37]} 21. Qc2
{[%clk 0:20:17]} g6 {[%clk 0:42:16]} 22. Qb2 {[%clk 0:08:10]} b5 {[%clk 0:39:14]}
23. d4 {[%clk 0:05:52]} cxd4 {[%clk 0:38:31]} 24. cxd4 {[%clk 0:06:20]} Bb4
{[%clk 0:38:12]} 25. Bd2 {[%clk 0:06:35]} Bxd2 {[%clk 0:32:29]} 26. Rxd2
{[%clk 0:06:35]} exd4 {[%clk 0:30:24]} 27. Nxd4 {[%clk 0:06:20]} Nxd4
{[%clk 0:29:57]} 28. Rxd4 {[%clk 0:05:54]} f5 {[%clk 0:25:45]} 29. Qd2
{[%clk 0:04:13]} Qf6 {[%clk 0:24:28]} 30. Rd1 {[%clk 0:04:01]} Rd7
{[%clk 0:22:13]} 31. Ne2 {[%clk 0:02:52]} Red8 {[%clk 0:21:56]} 32. Bd3
{[%clk 0:00:35]} Nc7 {[%clk 0:17:54]} 33. Rxd7 {[%clk 0:00:35]} Rxd7
{[%clk 0:18:16]} 34. Qc1 {[%clk 0:00:32]} Qe5 {[%clk 0:17:27]} 35. Qc3
{[%clk 0:00:34]} Qxc3 {[%clk 0:17:41]} 36. Nxc3 {[%clk 0:01:02]} b4
{[%clk 0:18:02]} 37. Ne2 {[%clk 0:00:32]} g5 {[%clk 0:16:54]} 38. f4
{[%clk 0:00:32]} g4 {[%clk 0:15:53]} 39. Bc2 {[%clk 0:00:38]} Rxd1+
{[%clk 0:15:57]} 40. Bxd1 {[%clk 0:01:07]} Nd5 {[%clk 0:16:01]} 41. Kf2
{[%clk 0:00:55]} Kf7 {[%clk 0:15:15]} 42. Bc2 {[%clk 0:00:55]} h5
{[%clk 0:15:35]} 43. h4 {[%clk 0:00:38]} Kf6 {[%clk 0:15:00]} 44. Bd3
{[%clk 0:00:39]} a5 {[%clk 0:14:28]} 45. Bb5 {[%clk 0:00:34]} Ke7
{[%clk 0:13:02]} 1/2-1/2